[Event "ZI-2022-0-02725"]
[Site "LSS email"]
[Date "2022.08.23"]
[Round "?"]
[White "Vasseur, Olivier"]
[Black "Gonzalez, Gustavo"]
[Result "1-0"]
[WhiteElo "1728"]
[BlackElo "1800"]
[PlyCount "51"]
[EventDate "2022.05.23"]
[EventType "match (corr)"]
[EventRounds "2"]
[EventCountry "GER"]
[SourceTitle "Corr 2024"]
[Source "ChessBase"]
[SourceDate "2023.10.19"]
[SourceVersion "1"]
[SourceVersionDate "2023.10.19"]
[SourceQuality "1"]

1. e4 c6 2. d4 d5 3. exd5 cxd5 4. c4 Nf6 5. Nf3 Bg4 6. Be2 Nc6 7. 0-0 e6 8. Nc3 Be7 9. c5 0-0 10. a3 Ne4 11. Na4 f5 12. b4 Bf6 13. Bb2 g5 14. h3 Bh5 15. b5 Ne7 16. Nc3 g4 17. Nxe4 dxe4 18. Ne5 Bxe5 19. dxe5 Qxd1 20. Raxd1 Nd5 21. hxg4 Bxg4 22. f3 exf3 23. gxf3 Bh3 24. Rfe1 Kf7 25. Kh2 Nf4 26. Bc1 1-0

[Event "OP-2022-0-05319"]
[Site "LSS email"]
[Date "2022.08.22"]
[Round "?"]
[White "Gonzalez, Gustavo"]
[Black "Vasseur, Olivier"]
[Result "1/2-1/2"]
[WhiteElo "1800"]
[BlackElo "1728"]
[PlyCount "63"]
[EventDate "2022.08.17"]
[EventType "tourn (corr)"]
[EventRounds "4"]
[EventCountry "GER"]
[SourceTitle "Corr 2024"]
[Source "ChessBase"]
[SourceDate "2023.10.19"]
[SourceVersion "1"]
[SourceVersionDate "2023.10.19"]
[SourceQuality "1"]

1. Nf3 Nf6 2. g3 g6 3. Bg2 Bg7 4. 0-0 0-0 5. d3 d5 6. Nbd2 c5 7. Re1 Nc6 8. c3 e6 9. e4 a5 10. a4 Rb8 11. Nb3 dxe4 12. dxe4 Nd7 13. Bf4 e5 14. Be3 b6 15. Qd6 Bb7 16. Rad1 Nf6 17. Qxd8 Rbxd8 18. Nbd2 Ng4 19. Nc4 Nxe3 20. Nxe3 Ne7 21. Nc4 Rxd1 22. Rxd1 Bxe4 23. Nfd2 Bxg2 24. Kxg2 Nc8 25. Nf1 f5 26. f3 Bf6 27. Nfe3 Rd8 28. Rxd8+ Bxd8 29. Nxe5 Bc7 30. N5c4 Kf7 31. f4 Ke6 32. Kf3 1/2-1/2

[Event "OP-2022-0-05319"]
[Site "LSS email"]
[Date "2022.08.22"]
[Round "?"]
[White "Vasseur, Olivier"]
[Black "Zerowska, Patrycja"]
[Result "0-1"]
[WhiteElo "1728"]
[BlackElo "1272"]
[PlyCount "60"]
[EventDate "2022.08.17"]
[EventType "tourn (corr)"]
[EventRounds "4"]
[EventCountry "GER"]
[SourceTitle "Corr 2024"]
[Source "ChessBase"]
[SourceDate "2023.10.19"]
[SourceVersion "1"]
[SourceVersionDate "2023.10.19"]
[SourceQuality "1"]

1. e4 e5 2. Nf3 Nc6 3. Bc4 Nf6 4. d3 Bc5 5. 0-0 0-0 6. c3 d6 7. h3 a5 8. Bb3 Be6 9. Re1 Bxb3 10. axb3 Re8 11. Be3 Bxe3 12. Rxe3 d5 13. exd5 Nxd5 14. Re1 Nf4 15. Re3 e4 16. Ne1 exd3 17. Qf3 Qg5 18. Kf1 Ne5 19. Qg3 Qxg3 20. Rxg3 f5 21. Nd2 b5 22. c4 Ne6 23. Re3 Nc5 24. Nef3 Nxf3 25. Rxf3 a4 26. bxa4 Rxa4 27. Rb1 bxc4 28. Rxf5 Re2 29. Rxc5 Rxd2 30. Rxc7 Rxb2 0-1

[Event "OP-2021-0-05138"]
[Site "LSS email"]
[Date "2021.05.11"]
[Round "?"]
[White "Wiaderek, Piotr"]
[Black "Vasseur, Olivier"]
[Result "1-0"]
[WhiteElo "1674"]
[BlackElo "1723"]
[PlyCount "75"]
[EventDate "2021.05.04"]
[EventType "tourn (corr)"]
[EventRounds "4"]
[EventCountry "GER"]
[SourceTitle "Corr 2024"]
[Source "ChessBase"]
[SourceDate "2023.10.19"]
[SourceVersion "1"]
[SourceVersionDate "2023.10.19"]
[SourceQuality "1"]

1. e4 g6 2. d4 Bg7 3. c4 c5 4. d5 d6 5. h3 e6 6. Nf3 Ne7 7. Nc3 a6 8. Bf4 e5 9. Bd2 0-0 10. g4 h6 11. Rg1 Nd7 12. Be2 Re8 13. a4 Nf8 14. h4 Kh7 15. h5 g5 16. a5 Bd7 17. Na4 Bxa4 18. Qxa4 Ng8 19. Nh2 Nd7 20. Nf1 Ngf6 21. Ng3 Qc7 22. Kf1 Reb8 23. Kg2 b6 24. Rgb1 bxa5 25. Bxa5 Qa7 26. Ra2 Bf8 27. Rba1 Ne8 28. Nf5 Ng7 29. Ne3 Rb7 30. Bc3 Qb8 31. Qc6 Rba7 32. Rxa6 Rxa6 33. Rxa6 Rxa6 34. Qxa6 Be7 35. Ba5 Nf6 36. Qb5 Qa7 37. Bd1 Kg8 38. Kf3 1-0

[Event "LSS No Engine Cup 214 Preliminary 0"]
[Site "LSS email"]
[Date "2021.02.17"]
[Round "?"]
[White "Vasseur, Olivier"]
[Black "Boni, Roberto"]
[Result "1-0"]
[WhiteElo "1979"]
[BlackElo "1956"]
[PlyCount "105"]
[EventDate "2021.02.17"]
[EventType "tourn (corr)"]
[EventRounds "6"]
[EventCountry "GER"]
[SourceTitle "Corr 2024"]
[Source "ChessBase"]
[SourceDate "2023.10.19"]
[SourceVersion "1"]
[SourceVersionDate "2023.10.19"]
[SourceQuality "1"]

1. e4 c5 2. Nf3 d6 3. d4 cxd4 4. Nxd4 Nf6 5. Nc3 a6 6. Bg5 Nbd7 7. f4 Qb6 8. Nb3 h6 9. Bxf6 Nxf6 10. Qd2 e5 11. 0-0-0 Be7 12. f5 Bd7 13. Be2 Qc7 14. g4 b5 15. a3 Bc6 16. Qd3 Rd8 17. Bf3 Nd7 18. h4 Nc5 19. Qe3 Nxb3+ 20. cxb3 b4 21. axb4 Rb8 22. Be2 Rxb4 23. Bc4 a5 24. Nd5 Bxd5 25. Rxd5 0-0 26. g5 a4 27. Kd2 axb3 28. Bd3 Ra8 29. Rc1 Qd8 30. f6 Bf8 31. Rf1 g6 32. h5 Ra2 33. hxg6 fxg6 34. Qc5 Qb6 35. Qxb6 Rxb6 36. Kc3 Ra7 37. Bc4 Kh8 38. Bxb3 hxg5 39. Rd2 d5 40. Rxd5 Rc6+ 41. Bc4 Rac7 42. b3 Rf7 43. Rdd1 Rfc7 44. Rd8 Rxc4+ 45. bxc4 Kg8 46. Rd5 Rc5 47. Rg1 Rc7 48. Rxe5 Kf7 49. Rexg5 Kxf6 50. e5+ Ke6 51. Ra1 Kf7 52. Ra6 Bg7 53. Kd4 1-0

[Event "LSS No Engine Cup 213 Preliminary 0"]
[Site "LSS email"]
[Date "2021.01.28"]
[Round "?"]
[White "Pehl, Ferenc"]
[Black "Vasseur, Olivier"]
[Result "0-1"]
[WhiteElo "1125"]
[BlackElo "1975"]
[PlyCount "78"]
[EventDate "2021.01.28"]
[EventType "tourn (corr)"]
[EventRounds "6"]
[EventCountry "GER"]
[SourceTitle "Corr 2024"]
[Source "ChessBase"]
[SourceDate "2023.10.19"]
[SourceVersion "1"]
[SourceVersionDate "2023.10.19"]
[SourceQuality "1"]

1. e4 c5 2. Nf3 d6 3. h3 Nf6 4. Nc3 Nc6 5. d3 e6 6. a3 Be7 7. Be2 a6 8. 0-0 0-0 9. Re1 b5 10. Na2 Bb7 11. Bd2 a5 12. c3 Qb6 13. Be3 a4 14. Nb4 Na5 15. Nd2 Qc7 16. Na2 Rfd8 17. Rb1 d5 18. exd5 exd5 19. d4 Nc4 20. Nxc4 dxc4 21. Bf3 Nd5 22. Nc1 Nxe3 23. fxe3 Ra6 24. Bxb7 Qxb7 25. Qf3 Qxf3 26. gxf3 Rg6+ 27. Kh2 Bh4 28. Rg1 Re6 29. Rg4 g5 30. Re4 Rxe4 31. fxe4 Bf2 32. Ne2 Bxe3 33. Rd1 cxd4 34. Nxd4 h5 35. Kg2 Kh7 36. Kf3 Bf4 37. Rg1 Kg6 38. h4 f6 39. hxg5 fxg5 0-1

[Event "LSS No Engine Cup 200 Final"]
[Site "LSS email"]
[Date "2020.11.20"]
[Round "?"]
[White "Laudati, Lelio"]
[Black "Vasseur, Olivier"]
[Result "1/2-1/2"]
[WhiteElo "1600"]
[BlackElo "1998"]
[PlyCount "41"]
[EventDate "2020.11.20"]
[EventType "tourn (corr)"]
[EventRounds "6"]
[EventCountry "GER"]
[SourceTitle "Corr 2022"]
[Source "ChessBase"]
[SourceDate "2021.10.24"]
[SourceVersion "1"]
[SourceVersionDate "2021.10.24"]
[SourceQuality "1"]

1. d4 d5 2. Bf4 Nf6 3. e3 e6 4. Nf3 c5 5. Be2 Nc6 6. 0-0 Be7 7. dxc5 Bxc5 8. c4 0-0 9. Nc3 dxc4 10. Bxc4 Qe7 11. a3 Rd8 12. Qc2 Bd6 13. Bxd6 Rxd6 14. Rfd1 Rxd1+ 15. Rxd1 Bd7 16. b4 a6 17. Qb2 Rd8 18. Be2 h6 19. h3 Be8 20. Rxd8 Qxd8 21. Qc2 1/2-1/2

[Event "LSS No Engine Cup 200 Final"]
[Site "LSS email"]
[Date "2020.11.20"]
[Round "?"]
[White "Varas, Pablo"]
[Black "Vasseur, Olivier"]
[Result "1/2-1/2"]
[WhiteElo "1896"]
[BlackElo "1998"]
[PlyCount "62"]
[EventDate "2020.11.20"]
[EventType "tourn (corr)"]
[EventRounds "6"]
[EventCountry "GER"]
[SourceTitle "Corr 2022"]
[Source "ChessBase"]
[SourceDate "2021.10.24"]
[SourceVersion "1"]
[SourceVersionDate "2021.10.24"]
[SourceQuality "1"]

1. d4 d5 2. c4 e6 3. Nc3 Nf6 4. cxd5 exd5 5. Bg5 Nbd7 6. e3 c6 7. Bd3 Be7 8. h3 0-0 9. Qc2 h6 10. Bf4 c5 11. dxc5 Nxc5 12. Nge2 Nxd3+ 13. Qxd3 Be6 14. 0-0 a6 15. Rad1 Rc8 16. Be5 b5 17. e4 Nd7 18. Bd4 dxe4 19. Qg3 g5 20. Nxe4 f5 21. Nd2 Qc7 22. Qe3 Qd6 23. Rfe1 f4 24. Nxf4 Rxf4 25. Nb3 Nf8 26. Be5 Qb4 27. Nd4 Rxd4 28. Bxd4 Bc5 29. b3 Bxd4 30. Rxd4 Qc5 31. b4 Qb6 1/2-1/2

[Event "LSS No Engine Cup 200 Final"]
[Site "LSS email"]
[Date "2020.11.20"]
[Round "?"]
[White "Vasseur, Olivier"]
[Black "Herzog, Mathias"]
[Result "1/2-1/2"]
[WhiteElo "1998"]
[BlackElo "2157"]
[PlyCount "86"]
[EventDate "2020.11.20"]
[EventType "tourn (corr)"]
[EventRounds "6"]
[EventCountry "GER"]
[SourceTitle "Corr 2022"]
[Source "ChessBase"]
[SourceDate "2021.10.24"]
[SourceVersion "1"]
[SourceVersionDate "2021.10.24"]
[SourceQuality "1"]

1. d4 Nf6 2. c4 e5 3. dxe5 Ng4 4. Nf3 Bc5 5. e3 Nc6 6. Be2 0-0 7. 0-0 Ncxe5 8. Nxe5 Nxe5 9. Nc3 d6 10. a3 a5 11. b3 Bf5 12. Bb2 Re8 13. Kh1 h5 14. e4 Bg4 15. f3 Bd7 16. Qd2 Rc8 17. Nd5 c6 18. Nc3 Qh4 19. Na4 Bf2 20. Rxf2 Qxf2 21. Rf1 Qa7 22. Qxd6 Rcd8 23. Bd4 c5 24. Qxc5 Qxc5 25. Nxc5 Bc6 26. Bc3 b6 27. Na6 Rc8 28. c5 Bb7 29. b4 axb4 30. axb4 Nd7 31. Bd4 Bxe4 32. fxe4 Rxe4 33. cxb6 Rxe2 34. b7 Rcc2 35. Bc5 Rxg2 36. Bd6 Rg4 37. Rb1 Rc6 38. Nc5 Rb6 39. Nxd7 Rxb7 40. Ne5 Rd4 41. Bc5 Rd5 42. Re1 Rc7 43. Nc4 f6 1/2-1/2

[Event "OP-2020-0-05007"]
[Site "LSS email"]
[Date "2020.08.13"]
[Round "?"]
[White "Reede, Arvo"]
[Black "Vasseur, Olivier"]
[Result "1/2-1/2"]
[WhiteElo "1529"]
[BlackElo "1701"]
[PlyCount "109"]
[EventDate "2020.08.07"]
[EventType "tourn (corr)"]
[EventRounds "4"]
[EventCountry "GER"]
[SourceTitle "Corr 2022"]
[Source "ChessBase"]
[SourceDate "2021.10.24"]
[SourceVersion "1"]
[SourceVersionDate "2021.10.24"]
[SourceQuality "1"]

1. b3 e5 2. Bb2 Nc6 3. e4 Nf6 4. Nf3 Nxe4 5. Qe2 Nf6 6. Nxe5 Be7 7. Nxc6 dxc6 8. Bxf6 gxf6 9. Nc3 Bf5 10. 0-0-0 Qd7 11. Qe3 0-0 12. Kb1 Rfe8 13. Qg3+ Kh8 14. d4 Rg8 15. Qf4 a5 16. g3 b5 17. Bd3 Bxd3 18. Rxd3 a4 19. Re1 axb3 20. cxb3 Rg6 21. h4 f5 22. Re5 Rf6 23. Qf3 Rd8 24. d5 b4 25. Ne2 c5 26. Nf4 Bd6 27. Re2 Bxf4 28. Qxf4 Qd6 29. Rc2 Ra8 30. Qe3 f4 31. Qxc5 Qxc5 32. Rxc5 fxg3 33. Rxg3 Rxf2 34. Rxc7 Rfxa2 35. Rf3 Ra1+ 36. Kc2 R8a2+ 37. Kd3 Rd1+ 38. Ke3 Rad2 39. Rfxf7 Rd3+ 40. Ke4 Rd4+ 41. Ke5 Rxd5+ 42. Ke6 Rd6+ 43. Ke7 Rd8 44. Rb7 R1d4 45. h5 Rg8 46. Rb6 Rh4 47. Rf5 Rg7+ 48. Ke6 Rg3 49. Rf8+ Rg8 50. Rxg8+ Kxg8 51. Kf6 Rf4+ 52. Kg5 Rd4 53. Kh6 Rh4 54. Rb7 Kf8 55. Rxh7 1/2-1/2

[Event "OP-2020-0-04999"]
[Site "LSS email"]
[Date "2020.07.22"]
[Round "?"]
[White "Molina, Vicente Andres"]
[Black "Vasseur, Olivier"]
[Result "0-1"]
[WhiteElo "656"]
[BlackElo "1711"]
[PlyCount "52"]
[EventDate "2020.07.21"]
[EventType "tourn (corr)"]
[EventRounds "4"]
[EventCountry "GER"]
[SourceTitle "Corr 2022"]
[Source "ChessBase"]
[SourceDate "2021.10.24"]
[SourceVersion "1"]
[SourceVersionDate "2021.10.24"]
[SourceQuality "1"]

1. d4 Nf6 2. c4 g6 3. Nc3 Bg7 4. e4 d6 5. f4 0-0 6. Nf3 c5 7. d5 a6 8. Bd3 b5 9. cxb5 axb5 10. Bxb5 Ba6 11. 0-0 Bxb5 12. Re1 Ba6 13. Be3 Nbd7 14. h3 Qa5 15. g4 Rfb8 16. Qd2 Nb6 17. e5 Nc4 18. Qf2 Rxb2 19. Ne2 Ne4 20. Qh4 Nxe3 21. Ng5 Nxg5 22. Qxg5 Rxe2 23. Rxe2 Bxe2 24. Kf2 Qd2 25. exd6 Bxg4+ 26. Kg3 Qg2+ 0-1

[Event "OP-2020-0-04996"]
[Site "LSS email"]
[Date "2020.07.18"]
[Round "?"]
[White "Couspeyre, Thierry"]
[Black "Vasseur, Olivier"]
[Result "1/2-1/2"]
[WhiteElo "1305"]
[BlackElo "1721"]
[PlyCount "52"]
[EventDate "2020.07.09"]
[EventType "tourn (corr)"]
[EventRounds "4"]
[EventCountry "GER"]
[SourceTitle "Corr 2022"]
[Source "ChessBase"]
[SourceDate "2021.10.24"]
[SourceVersion "1"]
[SourceVersionDate "2021.10.24"]
[SourceQuality "1"]

1. d4 Nf6 2. c4 g6 3. Nc3 Bg7 4. e4 d6 5. f4 0-0 6. Nf3 c5 7. Be2 cxd4 8. Nxd4 Nc6 9. Be3 Bd7 10. 0-0 Nxd4 11. Bxd4 a6 12. Rc1 Bc6 13. Bf3 Qc7 14. Nd5 Qd8 15. Bb6 Qd7 16. Bd4 Rae8 17. Qd2 Bxd5 18. cxd5 Rc8 19. g3 h5 20. b3 Ng4 21. Bxg7 Kxg7 22. Qd4+ f6 23. Qb6 Rxc1 24. Rxc1 Rc8 25. Rc4 Rxc4 26. bxc4 Qa4 1/2-1/2

[Event "LSS No Engine Cup 196 Final"]
[Site "LSS email"]
[Date "2020.07.09"]
[Round "?"]
[White "Obrien, Glenn"]
[Black "Vasseur, Olivier"]
[Result "0-1"]
[WhiteElo "1663"]
[BlackElo "1820"]
[PlyCount "62"]
[EventDate "2020.07.09"]
[EventType "tourn (corr)"]
[EventRounds "6"]
[EventCountry "GER"]
[SourceTitle "Corr 2022"]
[Source "ChessBase"]
[SourceDate "2021.10.24"]
[SourceVersion "1"]
[SourceVersionDate "2021.10.24"]
[SourceQuality "1"]

1. e4 e6 2. d4 d5 3. Nc3 Bb4 4. e5 c5 5. a3 Bxc3+ 6. bxc3 Qc7 7. Qg4 Ne7 8. Qxg7 Rg8 9. Qxh7 cxd4 10. Ne2 Nbc6 11. f4 dxc3 12. Qd3 Bd7 13. Qxc3 0-0-0 14. Rb1 Nf5 15. Rg1 d4 16. Qd3 Na5 17. g4 Ba4 18. gxf5 Bxc2 19. Qb5 Rxg1 20. Nxg1 Rd5 21. Qb4 Bxb1 22. Qxb1 Nb3 23. Bb2 Qa5+ 24. Kf2 Qd2+ 25. Ne2 Qe3+ 26. Kg2 d3 27. Nc3 Rd8 28. Kh1 d2 29. Qc2 Kb8 30. Qd1 Rg8 31. Bg2 Qe1+ 0-1

[Event "OP-2020-0-04993"]
[Site "LSS email"]
[Date "2020.07.05"]
[Round "?"]
[White "Etchepareborda, Juan"]
[Black "Vasseur, Olivier"]
[Result "0-1"]
[WhiteElo "1126"]
[BlackElo "1725"]
[PlyCount "102"]
[EventDate "2020.07.01"]
[EventType "tourn (corr)"]
[EventRounds "4"]
[EventCountry "GER"]
[SourceTitle "Corr 2022"]
[Source "ChessBase"]
[SourceDate "2021.10.24"]
[SourceVersion "1"]
[SourceVersionDate "2021.10.24"]
[SourceQuality "1"]

1. d4 Nf6 2. Bf4 d5 3. e3 e6 4. Nf3 Bd6 5. Ne5 0-0 6. Bd3 Nfd7 7. Qh5 f5 8. Nd2 c5 9. c3 cxd4 10. cxd4 Nxe5 11. dxe5 Be7 12. 0-0 Bd7 13. Nf3 Nc6 14. a3 a5 15. Rab1 Be8 16. Qh3 h5 17. Kh1 Kh8 18. Nd4 Bf7 19. Be2 h4 20. f3 g5 21. Bg3 Nxd4 22. exd4 Bg6 23. Rbd1 f4 24. Be1 Bf5 25. g4 fxg3 26. Qg2 Kg7 27. Bd3 Rh8 28. Bxf5 exf5 29. f4 g4 30. hxg3 hxg3+ 31. Kg1 Rh2 32. Qxg3 Rh3 33. Qg2 Qb6 34. b4 axb4 35. Qxd5 Rd8 36. Qg2 bxa3 37. Bf2 Rdh8 38. e6 Rh1+ 39. Qxh1 Rxh1+ 40. Kxh1 Qxe6 41. d5 Qe4+ 42. Kg1 Bd6 43. Rd4 Qc2 44. Rdd1 Bxf4 45. Ra1 g3 46. Rxa3 gxf2+ 47. Kg2 Qe4+ 48. Rf3 Qxd5 49. R1xf2 Be3 50. Re2 f4 51. Kf1 Qd1+ 0-1

[Event "LSS No Engine Cup 202 Preliminary 0"]
[Site "LSS email"]
[Date "2020.04.04"]
[Round "?"]
[White "Hogar, Raif"]
[Black "Vasseur, Olivier"]
[Result "1-0"]
[WhiteElo "2040"]
[BlackElo "1769"]
[PlyCount "47"]
[EventDate "2020.04.04"]
[EventType "tourn (corr)"]
[EventRounds "6"]
[EventCountry "GER"]
[SourceTitle "Corr 2022"]
[Source "ChessBase"]
[SourceDate "2021.10.24"]
[SourceVersion "1"]
[SourceVersionDate "2021.10.24"]
[SourceQuality "1"]

1. Nf3 Nf6 2. c4 e6 3. g3 c5 4. Bg2 Nc6 5. 0-0 Be7 6. Nc3 0-0 7. d4 cxd4 8. Nxd4 a6 9. e4 Qc7 10. h3 Rb8 11. Be3 Ne5 12. b3 Bb4 13. Rc1 d6 14. Qd2 Rd8 15. Rfd1 Bd7 16. Bg5 Qa5 17. a3 Qxa3 18. Bxf6 gxf6 19. Qh6 Ng6 20. Nf5 exf5 21. Nd5 Kh8 22. Nxf6 Nf8 23. Nh5 Qb2 24. Rc2 1-0